000 00257nam a2200109Ia 4500
008 220623s9999 xx 000 0 und d
020 _a9780798138215
082 _aAF LERO
100 _aLe Roux Christne
_9142283
245 0 _aBewys van liefde
942 _cBK
_w561
_xJohn Tresidder
_y561
_zJohn Tresidder
999 _c675099
_d675098